000 00747nam a2200217 a 4500
003 PILC
005 20150820105357.0
008 100719s19uu xx 00 eng d
050 _aHF 5686.H75
_b.B311 1999
082 _aASF 657.1838
_bSch5 1996
100 _aSchmidgall, Raymond S.
_93726
245 _aBasic financial accounting for the hospitality industry /
260 _aLansing, Michigan :
_bEducational Institute of the American Hotel and Lodging Association,
_c1996.
300 _aviii, various pages ;
_c23 cm.
500 _aIncludes index.
500 _aInstructor's guide.
650 _aFinancial Accounting
_93437
650 _aHospitality industry -
_xAccounting
_94221
700 _aDamitio, James W.
_93728
942 _2lcc
_cBK
999 _c288418
_d288418